|
|
|
|
| LEADER |
00000nab a2200000 a 4500 |
| 001 |
vtls000622284 |
| 003 |
SK-MaSNL |
| 005 |
20260304090728.0 |
| 008 |
250425c1997 xo 0 slo |
| 015 |
|
|
|a SNBRB19rr/mm-uuuuu
|
| 035 |
|
|
|a CL0622423
|
| 035 |
|
|
|a urn:nbn:sk:snk-abbqs3
|
| 035 |
|
|
|a (urnnbn)urn:nbn:sk:snk:ar-001jat
|
| 035 |
|
|
|a (uuid)a9edd829-4072-40f6-a371-751dde16066a
|
| 040 |
|
|
|a SNKBUCL
|b slo
|c SNKBUCL
|e AACR2
|
| 041 |
0 |
|
|a slo
|
| 044 |
|
|
|a xo
|c SK
|
| 080 |
|
|
|a 621.791.05.019:620.191.3:620.172:620.18
|2 1981
|
| 080 |
|
|
|a 620.191.3
|2 1981
|
| 080 |
|
|
|a 620.172
|2 1981
|
| 080 |
|
|
|a 620.18
|2 1981
|
| 080 |
|
|
|a 669.15.017
|2 1981
|
| 100 |
1 |
|
|a Šmida, Tibor
|4 aut
|9 406539
|
| 245 |
1 |
0 |
|a Mechanizmus žíhacieho a podnávarového praskania zvarových spojov ocelí
|b Časť. 1
|c Tibor Šmida, Ján Bošanský
|
| 300 |
|
|
|b Obr. 17, tab. 9, res. angl., slov., lit. 25 zázn. v angl., slov.
|
| 650 |
0 |
7 |
|a zvarové spoje
|2 snkbucl
|9 31821
|
| 650 |
0 |
7 |
|a praskanie žíhacie
|2 snkbucl
|9 1262835
|
| 650 |
0 |
7 |
|a praskanie podnávarové
|2 snkbucl
|9 1262834
|
| 655 |
|
7 |
|a články z novín a časopisov
|2 snkbucl
|9 267496
|
| 700 |
1 |
|
|a Bošanský, Ján
|4 aut
|9 723360
|
| 773 |
0 |
|
|t Kovové materiály
|g Roč. 35, č. 1 (1997), s. 1-18
|x 0023-432X
|
| 850 |
|
|
|a Slovenská národná knižnica
|
| 852 |
|
|
|a Slovenská národná knižnica
|
| 954 |
|
|
|a odborná, vedecká literatúra pôvodná (slovenská)
|2 lita
|
| 958 |
|
|
|a article15
|
| 958 |
|
|
|a OND
|
| 958 |
|
|
|a NB
|
| 958 |
|
|
|a RK
|
| 958 |
|
|
|a RBX
|
| 958 |
|
|
|a EUIPO
|
| 999 |
|
|
|c 2812434
|d 2814364
|